| 000 | 00709nam a2200229 i 4500 | ||
|---|---|---|---|
| 001 | 15229 | ||
| 003 | ES-MaACL | ||
| 005 | 20250805062601.0 | ||
| 007 | t| | ||
| 008 | 000120s1999 ag ||||1| spa d | ||
| 020 | _a987-9035-10-0 | ||
| 080 | _a316 | ||
| 100 | 1 |
_aVarela, Julia. _9113140 |
|
| 245 | 1 | 0 |
_aGenealogía y sociología _b: materiales para repensar la modernidad / _cJulia Varela, Fernando Alvarez-Uría. |
| 250 | _a1ª ed. | ||
| 260 |
_aBuenos Aires : _bEl Cielo por Asalto, _c1997. |
||
| 300 |
_a191 p. ; _c23 cm. |
||
| 650 | 7 |
_aSociología _2embne _917195 |
|
| 700 | 1 |
_aAlvarez-Uría, Fernando _9179408 |
|
| 852 |
_aES-MaACL _jL-22423 _bR.127670 |
||
| 999 |
_c15229 _d15229 |
||